Préfectures de France : Angers - Statistiques

Statistiques générales
  • Ce quiz a été pris 85 fois
  • Le résultat moyen est 13 sur 25
Statistiques - réponses
Question Réponse % Correct
Quel numéro porte celui-ci ? 49
100%
De quel département est-ce la préfecture ? Maine-et-Loire
96%
Comment se nomment ses habitants ? Angevins
92%
A quelle région administrative appartient la ville depuis 2015 ? Pays de la Loire
92%
La ville appartient à l'académie de/d' Nantes
82%
Quelle est la couleur principale du fond du blason ? Rouge
82%
Quelles sont les sous-préfectures qui en dépendent ? Cholet
81%
Quelles sont les sous-préfectures qui en dépendent ? Saumur
76%
Cette liqueur mondialement connue est fabriquée depuis 1849 à Angers Cointreau
73%
Quelles fleurs figurent sur le blason ? Lys
73%
Le journal local est Ouest-France | Le courrier de l'Ouest
73%
Les communes limitrophes dont le nom commence par une voyelle sont Avrillé
64%
La ville appartient au diocèse de/d' Angers
62%
Citez une des rivières qui se rejoignent pour former la Maine Mayenne | Sarthe
62%
Une école militaire y est installé depuis 1894 pour les futurs officiers de/du/de la Génie
50%
La cathédrale est dédiée à St Maurice
49%
Les communes limitrophes dont le nom commence par une voyelle sont Ecouflant
41%
Quelles sont les sous-préfectures qui en dépendent ? Segré-en-Anjou Bleu
27%
On donne à Angers un surnom en référence à une capitale européenne Athènes de l'Ouest
14%
Quel objet figure sur le blason ? Clé | Clef
14%
Le nom romain de la ville est Juliomagus
11%
Le peuple gaulois qui occupait la région est celui des Andécaves | Andes
7%
Le 1er évêque installé dans la ville est Defensor
1%
Le palais du Tau est le palais épiscopal
1%
Au Ve siècle le nom de la ville devient Andecavis
0%
Aucun quiz correspondant
Distribution des résultats
% des personnes avec chaque résultat
Percentile par nombre de réponses
Votre historique - résultats
Vous n’avez pas pris ce quiz